000 01282aam a2200337 i 4500
001 121430
005 20230404110532.0
008 230404s2016 enkk 000 0 eng c
020 _a9780414054820
_qpaperback
041 _aeng
082 0 4 _a343.41078624
245 0 0 _aJCT: intermediate named sub-contract tender & agreement 2016
_bICSub/NAM 2016
246 3 0 _aIntermediate named sub contract tender & agreement 2016
250 _aJCT Contracts 2016
264 1 _aLondon :
_bThomson Reuters (Professional) trading as Sweet & Maxwell,
_c2016.
300 _aii, 30 pages :
_bforms ;
_c30 cm.
336 _atext
_btxt
_2rdacontent
337 _aunmediated
_bn
_2rdamedia
338 _avolume
_bnc
_2rdacarrier
490 1 _aJCT Contracts 2016
500 _aAt head of title: JCT.
500 _a"This document comprises: Invitation to tender ICSub/NAM/IT, Tender ICSub/NAM/T, Agreement ICSub/NAM/A."--cover.
610 2 0 _aJoint Contracts Tribunal.
650 0 _aConstruction contracts
_zGreat Britain.
650 0 _aBuildings
_xContracts and specifications
_zGreat Britain.
651 _aUnited Kingdom
710 2 _aJoint Contracts Tribunal,
_eissuing body.
830 0 _aIntermediate building contract.
_f2016.
942 _n0
999 _c121430
_d121430